Statistics for Yugioh Quiz

Click here to take the quiz!

General Stats

  • This quiz has been taken 1,009 times
  • The average score is 7 of 14

Answer Stats

ClueCard Name% Correct
Can win the duel if you have 5 parts of this in your handExodia
98%
4000 atk/def, cannot be affected by spells/traps, EGYPTIAN GODObelisk
92%
Atk/def raised by 1000 for each card in hand, EGYPTIAN GODSlifer
89%
Fusion monster requiring 3 blue eyes white dragonsBlue eyes ultimate dragon
80%
Atk/def raised by how many LP you tribute, EGYPTIAN GODWinged Dragon of Ra
76%
Weak monster which, if tributed, you take no battle damageKuriboh
51%
Fusion Monster requiring dark magician and buster bladerDark Paladin
49%
Famous number card requiring 2 level 4 monstersUtopia
49%
Another version of the aboveUtopia ray
26%
Malefic _____ Dragon, it has 5000 atk/defTruth
22%
What happens when two humans overlay into each otherZexal
18%
Another version of the aboveUtopia ray v
17%
Another version of the aboveUtopia ray victory
11%
Another version of the aboveUtopia prime
6%

Score Distribution

Percentile by Number Answered

Percent of People with Each Score

Your Score History

You have not taken this quiz